000 00856cad a22002295a 4500
001 E150238
008 100616s2010 xxk f s000 0 eng d
020 _a9780755993932
035 _a(Sirsi) u150238
041 0 _aeng
050 0 4 _a630.09411 $2 18
110 2 _aNational Statistics
_95785
245 0 0 _aFarm business incomes in Scotland 2008/09
_h[electronic resource]
260 _aEdinburgh
_bScottish Government
_c2010
520 _aSets out first estimates of Farm Business Income generated by Scottish farms taking part in the Farm Accounts Survey.
521 _aAdvanced
590 _aKA
651 4 _aScotland
_y1999-
690 _aENVIRONMENTAL AND LAND CONSULTANCY-AGRIBUSINESS-AGRICULTURE
856 4 0 _uhttps://www.scotland.gov.uk/Publications/2010/06/14153938/0
_zView the report free of charge at www.scotland.gov.uk
942 _n0
999 _c110802
_d110802